000 00450nam a2200157Ia 4500
008 230711s9999||||xx |||||||||||||| ||und||
041 _aENG
082 _a541
_bKA-P
100 _aKapoor, K L
245 2 _aA textbook of physical Chemistry : computational aspects in physical Chemistry v-6
250 _a1st . Ed.
260 _c2016
_aNew Delhi
_bMcGraw Hill Education(India) Private Limited
300 _a363p.
650 _aChemistry
942 _cBK
999 _c5748
_d5748